000
00354pab a2200157 454500
008
180718b2007 xxu||||| |||| 00| 0 eng d
100
_a
Baert, Patrick
245
_a
Contextualizing Max Weber
260
_c
2007
300
_a
p.119-28.
362
_a
Mar
650
_a
Weber, Max
773
_a
International Sociology
908
_a
N
909
_a
73576
999
_c
73576
_d
73576